European housing review (Record no. 119182)
[ view plain ]
| 000 -LEADER | |
|---|---|
| fixed length control field | 00955cas a22002175a 4500 |
| 001 - CONTROL NUMBER | |
| control field | L143542 |
| 008 - FIXED-LENGTH DATA ELEMENTS--GENERAL INFORMATION | |
| fixed length control field | 080516c2003 xxkar wssss 0 a0eng u |
| 035 ## - SYSTEM CONTROL NUMBER | |
| System control number | (Sirsi) u143542 |
| 041 0# - LANGUAGE CODE | |
| Language code of text/sound track or separate title | eng |
| 110 2# - MAIN ENTRY--CORPORATE NAME | |
| Corporate name or jurisdiction name as entry element | Royal Institution of Chartered Surveyors |
| 9 (RLIN) | 4900 |
| 245 00 - TITLE STATEMENT | |
| Title | European housing review |
| Medium | [electronic resource] |
| 260 ## - PUBLICATION, DISTRIBUTION, ETC. | |
| Place of publication, distribution, etc. | London |
| Name of publisher, distributor, etc. | RICS |
| Date of publication, distribution, etc. | 2002- |
| 362 0# - DATES OF PUBLICATION AND/OR SEQUENTIAL DESIGNATION | |
| Dates of publication and/or sequential designation | 2002- |
| 490 #0 - SERIES STATEMENT | |
| Series statement | European Housing Review |
| 520 ## - SUMMARY, ETC. | |
| Summary, etc. | Examines the performance of the housing market across Europe, and focuses on 18 European countries during the previous calendar year. Includes analysis of inflation impact, mortgage markets, building activity and turnover. Graphs, charts and statistics. |
| 554 ## - | |
| -- | Annual |
| 651 #4 - SUBJECT ADDED ENTRY--GEOGRAPHIC NAME | |
| Geographic name | Europe |
| 690 ## - LOCAL SUBJECT ADDED ENTRY--TOPICAL TERM (OCLC, RLIN) | |
| Topical term or geographic name as entry element | PROPERTY-RESIDENTIAL PROPERTY-RESIDENTIAL PROPERTY MARKET |
| 856 40 - ELECTRONIC LOCATION AND ACCESS | |
| Uniform Resource Identifier | <a href="https://www.joinricsineurope.eu/uploads/files/EHRfullreport.pdf">https://www.joinricsineurope.eu/uploads/files/EHRfullreport.pdf</a> |
| Public note | View the Series free of charge on the www.rics.org website. |
| 942 ## - ADDED ENTRY ELEMENTS (KOHA) | |
| Suppress in OPAC | 0 |
| Withdrawn status | Lost status | Source of classification or shelving scheme | Damaged status | Not for loan | Home library | Current library | Shelving location | Date acquired | Total Checkouts | Full call number | Barcode | Date last seen | Price effective from | Koha item type |
|---|---|---|---|---|---|---|---|---|---|---|---|---|---|---|
| Dewey Decimal Classification | Virtual | Virtual | Online | 16/05/2008 | ONLINE PUBLICATION | 143542-1001 | 06/08/2019 | 06/08/2019 | Journal |